00675nam a2200241 a 4500001001300000003000900013005001700022008004100039020001000080082001900090100001600109245001900125260004700144300001000191500003500201505001000236650002400246700001600270902000800286942000700294952011900301999001300420nice12345678IN_TiNIC20260116011319.0050524s1929 mada grp 000 0 eng  ac10000a297.0946bSEL1 aSell, Canon aIslam in Spain aMadrasbChristian Literature Societyc1929 a182p. aincludes index and biblioraphy2 aIndex aIslam-History-Spain1 aSell, Canon bRBA cBK 001040708RareBook->aHMIbHMId2007-07-26g100.00l0o297.0946 SEL1p01036r2007-07-26v100.00w2005-05-24yBK c419d419